Music Quiz

Random Music or Song Quiz
Score 0/63 Timer 05:00
4 Plays Today
% Correct
Night
95.3%
Satisfaction
92.2%
Line
91.6%
Another
90.5%
Alive
90.3%
End
88.6%
Light
88.5%
Again
88%
Road
87.9%
Good
87.6%
Lips
86.5%
Tear
85.5%
Stairway
85%
Is
84.9%
Love
83.8%
Tonk
83.8%
Johnny
83.1%
After
82%
Hold
80.6%
Sound
80.2%
Cry
78.6%
Eagle
78.5%
Enough
77.4%
Let's
77.3%
I'll
76.8%
Rising
76.7%
Magic
76.4%
Shale
75%
Last
74.5%
It
74%
Fools
73.5%
Edge
73.3%
% Correct
Along
72.5%
Eat
69.6%
Pretty
68.6%
I'm
67.8%
Eyes
67.4%
Eight
66.3%
Under
65.9%
Theme
65.7%
Granite
65.4%
Slate
65.4%
Only
63.9%
Beg
63.5%
Anthem
63.5%
Basalt
59.5%
Marble
58.2%
Flint
58.1%
Sympathy
56.8%
Pumice
54.8%
Tall
54%
Little
51.1%
Easy
51.1%
Bop
49.5%
Freak
49.4%
Music
47.9%
Tracks
45.8%
Ijolite
41.6%
Thing
36.2%
Into
34.1%
Felsite
31.5%
Nation
18.7%
Inside
15.7%
Remove Ads.
Support Sporcle.
Get the best of Sporcle when you Go Orange. This ad-free experience offers more features, more stats, and more fun while also helping to support Sporcle. Thank you for becoming a member.

You're not logged in!

Compare scores with friends on all Sporcle quizzes.
OR
Log In

Show Comments

Extras

Top Quizzes Today


Score Distribution

Your Account Isn't Verified!

In order to create a playlist on Sporcle, you need to verify the email address you used during registration. Go to your Sporcle Settings to finish the process.

Report this User

Report this user for behavior that violates our Community Guidelines.

Details: